WHO is this celebrity? - Statistics

General Stats
  • This quiz has been taken 36 times
  • The average score is 13 of 30
Answer Stats
Picture Answer % Correct
Donald Trump
97%
Mike Tyson
83%
Morgan Freeman
83%
Kanye West
79%
Muhammed Ali
76%
50 Cent
72%
Vladimir Putin
69%
Jeffery Epstein
66%
P diddy
66%
Christopher Columbus
62%
Malcolm X
62%
Queen Elizabeth I
59%
IshowSpeed
55%
Travis Scott
52%
Bryan Cranston
48%
Dwight Eisenhower
45%
Kai cenat
45%
Erika Kirk
41%
Mathur Luther king jr
41%
Christopher Mintz
34%
Kimani Tariq Kamiru-White
31%
Playboi Carti
31%
George Orwell
28%
Sean Schemmel
7%
Christopher Sabat
3%
David Crystal
3%
Masako Nozawa
3%
Varg Vikernes
3%
George Kenan
0%
Sylvia Plath
0%
No matching quizzes found
Score Distribution
Percent of People with Each Score
Percentile by Number Answered
Your Score History
You have not taken this quiz